Kronika lidstva /

Hlavní autor: Harenberg, Bodo, 1937-
Další autoři: Biermann, Karol, Hanus, František, 1943-
Jazyk: Čeština
Vydáno: Praha : Fortuna Print, 1998
Vydání: 5. dopl. čes. vyd.
Edice: Edice Kronik
Témata:
Fyzický popis: 1295 s. : barev. il., barev. mapy, portréty ; 30 cm
Knihy
Uloženo v:
LEADER 01197nam a2200361 a 4500
001 000354403
003 CZ BrMZK
005 20100408133550.0
007 ta
008 010907s1998 xr f cze d
015 |a cnb000388280 
020 |a 80-85873-62-1 
035 |a (OCoLC)42029388 
040 |a BOA001  |b cze 
041 1 |a cze  |h ger 
080 |a 94(100)  |2 MRF 
080 |a 930.85  |2 MRF 
080 |a (048.8)  |2 MRF 
100 1 |a Harenberg, Bodo,  |d 1937-  |7 mzk2003187358  |4 com 
245 1 0 |a Kronika lidstva /  |c sestavovatel Bodo Harenberg ; [koncepci českého vydání zpracovali a realizaci vedli: Karol Biermann a František Hanus] 
250 |a 5. dopl. čes. vyd. 
260 |a Praha :  |b Fortuna Print,  |c 1998 
300 |a 1295 s. :  |b barev. il., barev. mapy, portréty ;  |c 30 cm 
490 1 |a Edice Kronik 
650 0 7 |a světové dějiny  |7 ph117271  |2 czenas 
650 0 7 |a dějiny civilizace  |7 ph137927  |2 czenas 
655 7 |a chronologické přehledy  |7 fd131969  |2 czenas 
700 1 |a Biermann, Karol  |7 mzk2010568631  |4 oth 
700 1 |a Hanus, František,  |d 1943-  |7 jk01033452  |4 oth 
765 0 |t Chronik der Menschheit 
830 0 |a Edice Kronik  |0 s 
910 |a BOA001  |b 4-1049.726 
990 |a BK